000 00433nam a22001697a 4500
005 20160530122128.0
008 160530b xxu||||| |||| 00| 0 eng d
020 _a81-259-0047-0
041 _aeng
082 _b6052
100 _aDavar, Rustom S & others
_91489
245 _aSalesmanship and Publicity
260 _aNew Delhi
_bVikas Publishing House (P) Ltd.
_c2004
300 _a408
650 _aManagement
_9241
942 _cBK
999 _c2147
_d2146